UBT Library

Logische Propädeutik / (Record no. 101)

000 -LEADER
fixed length control field 00529nam a22001817a 4500
008 - FIXED-LENGTH DATA ELEMENTS--GENERAL INFORMATION
fixed length control field 131011b xxu||||| |||| 00| 0 ger d
041 0# - LANGUAGE CODE
Language code of text/sound track or separate title ger
080 ## - UNIVERSAL DECIMAL CLASSIFICATION NUMBER
Universal Decimal Classification number 164
100 1# - Rafti
Rafti Kamlah, Wilhelm.
245 10 - TITLE STATEMENT
Title Logische Propädeutik /
Statement of responsibility, etc Wilhelm Kamlah
260 ## -
-- Manheim
-- Bibliographisches Institut ;
-- 1967
300 ## -
-- 242 f. :
-- 19 cm.
500 ## -
-- Vorwort f. : [5] - 7
650 #0 -
-- Logjika
650 #0 -
-- Logjika simbolike dhe matematike
700 1# -
-- Lorenzen, Paul
942 ## - ADDED ENTRY ELEMENTS (KOHA)
Source of classification or shelving scheme
Item type Books
Holdings
Withdrawn status Lost status Source of classification or shelving scheme Damaged status Not for loan Collection code Permanent location Current location Shelving location Date acquired Total Checkouts Full call number Barcode Date last seen Price effective from Koha item type
          Koleksioni i përgjithshem UBT - Prishtine UBT - Prishtine Koleksioni i përgjithshem 10/11/2013   164 KAM 001-000106 10/11/2013 10/11/2013 Books
UBT Library © 2015-2024. All rights reserved University Education for Business and Technology